000
00444nam a2200181Ia 4500
008
151018s9999 xx 000 0 und d
082
_b
RBASDV19311
_a
891.463
100
_a
धुरी ह वी
245
_a
दंश
250
_b
1
260
_b
डिंपल
_c
1986
300
_a
120
600
_a
धुरी ह वी
630
_a
दंश
700
_a
धुरी ह वी
730
_a
दंश
942
_c
BOOK
999
_c
1019951
_d
1019948